ბათუმის შოთა რუსთაველის სახელმწიფო უნივერსიტეტის ბიბლიოთეკა

სამშობლომ გამომგზავნა (ბიბ.ჩანაწერი № 48505)

000 -LEADER
fixed length control field 00628nam a2200205Ia 4500
001 - CONTROL NUMBER
control field 15402
003 - CONTROL NUMBER IDENTIFIER
control field GE_BSU
008 - FIXED-LENGTH DATA ELEMENTS--GENERAL INFORMATION
fixed length control field 181216s||||||||xx |||||||||||||| ||und||
040 ## - CATALOGING SOURCE
Transcribing agency GE_BSU
080 ## - UNIVERSAL DECIMAL CLASSIFICATION NUMBER
Universal Decimal Classification number 82-93:821.353.1-32
100 ## - MAIN ENTRY--PERSONAL NAME
Personal name ქორქია,როდიონ
245 ## - TITLE STATEMENT
Title სამშობლომ გამომგზავნა
245 ## - TITLE STATEMENT
Statement of responsibility, etc. რედ.დ.შენგელია
260 ## - PUBLICATION, DISTRIBUTION, ETC.
Place of publication, distribution, etc. თბილისი
260 ## - PUBLICATION, DISTRIBUTION, ETC.
Name of publisher, distributor, etc. საბლიტგამი
260 ## - PUBLICATION, DISTRIBUTION, ETC.
Date of publication, distribution, etc. 1944
300 ## - PHYSICAL DESCRIPTION
Extent 43გვ.20სმ.
653 ## - INDEX TERM--UNCONTROLLED
Uncontrolled term სამშობლომ გამომგზავნა
942 ## - ADDED ENTRY ELEMENTS (KOHA)
Koha item type წიგნი
ეგზემპლარები
Withdrawn status Lost status Damaged status Not for loan Date acquired Barcode Date last seen Price effective from Koha item type
        2018-12-17 37854 2018-12-17 2018-12-17 წიგნი
        2018-12-17 37855 2018-12-17 2018-12-17 წიგნი
        2018-12-17 37856 2018-12-17 2018-12-17 წიგნი
        2018-12-17 37857 2018-12-17 2018-12-17 წიგნი
        2018-12-17 37858 2018-12-17 2018-12-17 წიგნი